[Event "Bad Koenigshofen op 6th"]
[Site "Bad Koenigshofen"]
[Date "2007.12.26"]
[Round "2"]
[White "Jahrsdoerfer, Gerd"]
[Black "Patzer, Joachim"]
[Result "1-0"]
[WhiteElo "2176"]
[BlackElo "1955"]
[PlyCount "75"]
[EventDate "2007.12.26"]
[EventType "swiss"]
[EventRounds "7"]
[EventCountry "GER"]
[SourceTitle "CBM 122 Extra"]
[Source "ChessBase"]
[SourceDate "2008.03.04"]
[SourceVersion "1"]
[SourceVersionDate "2008.03.04"]
[SourceQuality "1"]

1. e4 c5 2. Nf3 d6 3. c3 Nf6 4. Bd3 e5 5. 0-0 Be7 6. Re1 0-0 7. a4 Nc6 8. Na3 Bg4 9. Bc2 h6 10. d3 Qd7 11. Nc4 b6 12. Ne3 d5 13. exd5 Nxd5 14. Nxg4 Qxg4 15. Nxe5 Nxe5 16. Rxe5 Qd7 17. Qf3 Rad8 18. Bd2 Nf6 19. Re2 Rde8 20. Rae1 Bd8 21. h3 Rxe2 22. Rxe2 Qd6 23. Bf4 Qd5 24. Qxd5 Nxd5 25. Bd2 a5 26. Bb3 Nf6 27. Bf4 Re8 28. Kf1 Rxe2 29. Kxe2 Kf8 30. Bd6+ Ke8 31. Bc4 Be7 32. Bc7 Nd7 33. Bb5 Bd8 34. Bxd7+ Kxd7 35. Bxd8 Kxd8 36. d4 cxd4 37. cxd4 Kd7 38. Kd3 1-0

[Event "Niedersachsen-ch Seniors op 10th"]
[Site "Bad Bevensen"]
[Date "2007.07.10"]
[Round "8"]
[White "Patzer, Joachim"]
[Black "Frericks, Willy"]
[Result "1-0"]
[WhiteElo "1732"]
[BlackElo "1648"]
[PlyCount "125"]
[EventDate "2007.07.03"]
[EventType "swiss"]
[EventRounds "9"]
[EventCountry "GER"]
[SourceTitle "EXT 2022"]
[Source "ChessBase"]
[SourceDate "2021.10.06"]
[SourceVersion "1"]
[SourceVersionDate "2021.10.06"]
[SourceQuality "1"]

1. d4 e5 2. dxe5 Nc6 3. Nf3 Qe7 4. Qd5 h6 5. c3 g5 6. b3 Bg7 7. Ba3 Qe6 8. Qxe6+ fxe6 9. e3 Nxe5 10. Nd4 Ne7 11. Be2 d6 12. Bh5+ Nf7 13. Nb5 0-0 14. Nxc7 Rb8 15. Bxf7+ Rxf7 16. Ne8 Be5 17. Nxd6 Rh7 18. Nc4 Bf6 19. Bd6 Ra8 20. e4 Nc6 21. e5 Be7 22. a4 Bd7 23. 0-0 Rf8 24. Nbd2 Bxd6 25. exd6 Rhf7 26. Rae1 Rf5 27. Ne3 Rf4 28. h3 Ne5 29. Nec4 Nd3 30. Re4 Rxf2 31. Rxf2 Nxf2 32. Re1 Nd3 33. Re3 Nf4 34. Ne5 Rd8 35. c4 Kg7 36. Ne4 Ng6 37. Nxd7 Rxd7 38. c5 Nf4 39. Nc3 Kf6 40. Kh2 h5 41. g3 Ng6 42. b4 Ne5 43. Re4 Kf5 44. Kg2 Nd3 45. Rd4 Ne1+ 46. Kf1 e5 47. g4+ hxg4 48. hxg4+ Ke6 49. Rd1 Nc2 50. Rb1 Ne3+ 51. Ke2 Nxg4 52. b5 Nf6 53. Rg1 Rg7 54. Ke3 Kd7 55. Ne4 Nxe4 56. Kxe4 Ke6 57. Rd1 Kd7 58. Kd5 g4 59. c6+ bxc6+ 60. bxc6+ Kc8 61. Rh1 Rg8 62. c7 g3 63. Kc6 1-0

[Event "Schweinfurt op"]
[Site "Schweinfurt"]
[Date "2007.05.20"]
[Round "7"]
[White "Wilhelm, Holger"]
[Black "Patzer, Joachim"]
[Result "1/2-1/2"]
[WhiteElo "1598"]
[BlackElo "1987"]
[PlyCount "61"]
[EventDate "2007.05.17"]
[EventType "swiss"]
[EventRounds "7"]
[EventCountry "GER"]
[SourceTitle "CBM 118 Extra"]
[Source "ChessBase"]
[SourceDate "2007.07.04"]
[SourceVersion "1"]
[SourceVersionDate "2007.07.04"]
[SourceQuality "1"]

1. d4 Nf6 2. c4 e5 3. dxe5 Ng4 4. e4 Nxe5 5. Nc3 Bb4 6. Bd2 0-0 7. Nf3 Nbc6 8. a3 Bxc3 9. Bxc3 d6 10. Nxe5 dxe5 11. Qxd8 Rxd8 12. Be2 Be6 13. 0-0 Nd4 14. Bd3 f6 15. Rad1 Rd7 16. Bxd4 Rxd4 17. b3 Rad8 18. Bc2 Rd2 19. f3 R8d4 20. Rxd2 Rxd2 21. Rf2 Rd4 22. Kf1 a5 23. c5 Kf7 24. Ke1 Ke7 25. Rd2 Rd7 26. Rxd7+ Kxd7 27. b4 Kc6 28. Kd2 Kb5 29. Kc3 axb4+ 30. axb4 Bc4 31. g3 1/2-1/2

[Event "Schweinfurt op"]
[Site "Schweinfurt"]
[Date "2007.05.19"]
[Round "4"]
[White "Patzer, Joachim"]
[Black "Zehnter, Sebastian"]
[Result "0-1"]
[WhiteElo "1987"]
[BlackElo "2109"]
[PlyCount "165"]
[EventDate "2007.05.17"]
[EventType "swiss"]
[EventRounds "7"]
[EventCountry "GER"]
[SourceTitle "CBM 118 Extra"]
[Source "ChessBase"]
[SourceDate "2007.07.04"]
[SourceVersion "1"]
[SourceVersionDate "2007.07.04"]
[SourceQuality "1"]

1. d4 d5 2. c4 Nc6 3. Nf3 Bg4 4. e3 e6 5. Bd3 Nf6 6. h3 Bxf3 7. Qxf3 e5 8. dxe5 Nxe5 9. Qe2 Bb4+ 10. Bd2 Qd6 11. 0-0 Rd8 12. Bc3 Bxc3 13. Nxc3 dxc4 14. Bxc4 Qb4 15. Bb3 a6 16. Rfd1 0-0 17. Nd5 Nxd5 18. Rxd5 Rxd5 19. Bxd5 c6 20. Bb3 b5 21. Qh5 Qe7 22. Rd1 g6 23. Qh6 Rd8 24. Rxd8+ Qxd8 25. Qf4 Qd6 26. Qe4 Kf8 27. Bc2 Nc4 28. b3 Nb6 29. Kf1 c5 30. Ke2 Nd5 31. Qd3 Qe5 32. Kd2 Nb4 33. Qd8+ Kg7 34. a3 Nd5 35. Qa5 Qd6 36. Ke2 Qf6 37. Qd2 Nb6 38. Qa5 c4 39. Qd2 Qb2 40. Qd4+ Qxd4 41. exd4 cxb3 42. Bxb3 Kf6 43. Kd3 Ke7 44. Kc3 a5 45. Kd3 f6 46. Kc3 Kd6 47. g3 Nd7 48. Bg8 h6 49. Bh7 Nf8 50. Bg8 Ne6 51. Bf7 Ng5 52. Bxg6 Nxh3 53. f4 Nf2 54. Bh7 Nh1 55. g4 Nf2 56. Bf5 Nd1+ 57. Kd2 Nb2 58. Kc3 Na4+ 59. Kd3 Nb6 60. Be4 Nc4 61. a4 Nb2+ 62. Kc2 Nxa4 63. Bd3 b4 64. Kb3 Nb6 65. Be4 Nd5 66. Ka4 Nxf4 67. Kxa5 Ne2 68. Kxb4 Nxd4 69. Kc4 Ke5 70. Bb7 Ne6 71. Bc8 Ng5 72. Kd3 Kf4 73. Kd4 Ne4 74. Kd5 Nf2 75. Kd4 Nxg4 76. Kd3 h5 77. Ke2 f5 78. Kf1 h4 79. Kg2 Kg5 80. Kh3 Ne3 81. Bb7 Nd1 82. Bf3 Nf2+ 83. Kg2 0-1

[Event "Schweinfurt op"]
[Site "Schweinfurt"]
[Date "2007.05.18"]
[Round "3"]
[White "Barth, Norbert"]
[Black "Patzer, Joachim"]
[Result "1-0"]
[WhiteElo "2263"]
[BlackElo "1987"]
[PlyCount "71"]
[EventDate "2007.05.17"]
[EventType "swiss"]
[EventRounds "7"]
[EventCountry "GER"]
[SourceTitle "CBM 118 Extra"]
[Source "ChessBase"]
[SourceDate "2007.07.04"]
[SourceVersion "1"]
[SourceVersionDate "2007.07.04"]
[SourceQuality "1"]

1. e4 c5 2. Nc3 Nc6 3. Nge2 g6 4. g3 Bg7 5. Bg2 e6 6. d3 Nge7 7. Be3 d6 8. Qd2 a6 9. Bh6 Bxh6 10. Qxh6 Ng8 11. Qd2 e5 12. h4 h5 13. Nd5 b5 14. f4 Nd4 15. fxe5 dxe5 16. Nxd4 cxd4 17. c3 Ne7 18. Nf6+ Kf8 19. 0-0 Be6 20. Rf2 Rc8 21. Raf1 Qd6 22. Kh2 Rd8 23. Nd5 Nxd5 24. exd5 Bxd5 25. Bxd5 Qxd5 26. Qg5 Ke8 27. Rxf7 Qxf7 28. Qxe5+ Qe7 29. Qxh8+ Kd7 30. Qxd4+ Kc8 31. Qf6 Qxf6 32. Rxf6 Rxd3 33. Rxa6 Rd2+ 34. Kh3 Rxb2 35. Rxg6 Rxa2 36. Rg5 1-0

[Event "Schweinfurt op"]
[Site "Schweinfurt"]
[Date "2007.05.17"]
[Round "1"]
[White "Kassubek, Konstantin"]
[Black "Patzer, Joachim"]
[Result "0-1"]
[WhiteElo "952"]
[BlackElo "1987"]
[PlyCount "52"]
[EventDate "2007.05.17"]
[EventType "swiss"]
[EventRounds "7"]
[EventCountry "GER"]
[SourceTitle "CBM 118 Extra"]
[Source "ChessBase"]
[SourceDate "2007.07.04"]
[SourceVersion "1"]
[SourceVersionDate "2007.07.04"]
[SourceQuality "1"]

1. e4 c5 2. d4 cxd4 3. Qxd4 Nc6 4. Qa4 g6 5. Nc3 Bg7 6. Bd2 Nf6 7. Nf3 0-0 8. 0-0-0 d6 9. Bd3 a6 10. Rdg1 Bd7 11. b3 Ng4 12. Nd1 Nce5 13. Qd4 Nxf3 14. gxf3 Bxd4 15. fxg4 a5 16. Be3 Qb6 17. Re1 a4 18. Bc4 Rfc8 19. Nb2 axb3 20. Bxb3 Be6 21. Bxd4 Qxd4 22. Bxe6 fxe6 23. Kb1 Qxf2 24. Ref1 Qxc2+ 25. Ka1 Rxa2+ 26. Kxa2 Ra8# 0-1

[Event "Niedersachsen-ch Seniors op 09th"]
[Site "Bad Bevensen"]
[Date "2006.06.29"]
[Round "6"]
[White "Patzer, Joachim"]
[Black "Budt, Karl Heinz"]
[Result "0-1"]
[WhiteElo "1802"]
[BlackElo "1995"]
[PlyCount "70"]
[EventDate "2006.06.24"]
[EventType "swiss"]
[EventRounds "9"]
[EventCountry "GER"]
[SourceTitle "EXT 2022"]
[Source "ChessBase"]
[SourceDate "2021.10.06"]
[SourceVersion "1"]
[SourceVersionDate "2021.10.06"]
[SourceQuality "1"]

1. d4 Nf6 2. c4 e6 3. Nf3 b6 4. Bg5 Bb7 5. e3 Be7 6. Bd3 Ne4 7. Bxe7 Qxe7 8. Bxe4 Bxe4 9. 0-0 0-0 10. Nbd2 Bb7 11. e4 c5 12. d5 e5 13. Qc2 d6 14. Rfe1 Nd7 15. Nf1 Nf6 16. Ng3 g6 17. Qd2 Rae8 18. Qg5 Kh8 19. Rac1 Ng8 20. Rc3 f6 21. Qd2 Bc8 22. h3 f5 23. exf5 gxf5 24. Kh2 Nf6 25. b3 Rg8 26. Qc2 Qg7 27. Nh4 f4 28. Ngf5 Qg5 29. g4 fxg3+ 30. fxg3 Bxf5 31. Nxf5 Rd8 32. Rf3 Qh5 33. Nh4 Rxg3 34. Rxg3 Qxh4 35. Qf2 Ng4+ 0-1

[Event "Niedersachsen-ch Seniors op 09th"]
[Site "Bad Bevensen"]
[Date "2006.06.27"]
[Round "4"]
[White "Patzer, Joachim"]
[Black "Hartlaub, Marianne"]
[Result "1-0"]
[WhiteElo "1802"]
[BlackElo "1466"]
[PlyCount "57"]
[EventDate "2006.06.24"]
[EventType "swiss"]
[EventRounds "9"]
[EventCountry "GER"]
[SourceTitle "EXT 2022"]
[Source "ChessBase"]
[SourceDate "2021.10.06"]
[SourceVersion "1"]
[SourceVersionDate "2021.10.06"]
[SourceQuality "1"]

1. e4 e5 2. Nf3 Nc6 3. Nc3 Nf6 4. d4 exd4 5. Nxd4 d6 6. Bg5 Be7 7. f4 h6 8. Nxc6 bxc6 9. Bxf6 Bxf6 10. Qd2 0-0 11. Be2 Re8 12. 0-0 Rb8 13. b3 c5 14. Rae1 Bd4+ 15. Kh1 Bxc3 16. Qxc3 Rxe4 17. Qa5 Bd7 18. Bf3 Rxf4 19. Qxa7 c6 20. Qa6 Ra8 21. Qd3 Rd4 22. Qe3 Rxa2 23. Be4 d5 24. Bd3 Be6 25. Qf3 Qd7 26. Qg3 Rg4 27. Qb8+ Qc8 28. Qxc8+ Bxc8 29. Re8# 1-0

[Event "Niedersachsen-ch Seniors op 09th"]
[Site "Bad Bevensen"]
[Date "2006.06.26"]
[Round "3"]
[White "Perk, Egbert"]
[Black "Patzer, Joachim"]
[Result "1-0"]
[WhiteElo "1882"]
[BlackElo "1802"]
[PlyCount "39"]
[EventDate "2006.06.24"]
[EventType "swiss"]
[EventRounds "9"]
[EventCountry "GER"]
[SourceTitle "EXT 2022"]
[Source "ChessBase"]
[SourceDate "2021.10.06"]
[SourceVersion "1"]
[SourceVersionDate "2021.10.06"]
[SourceQuality "1"]

1. e4 c5 2. Nf3 a6 3. c4 Nc6 4. d4 cxd4 5. Nxd4 Qb6 6. Nb3 e6 7. Be3 Qb4+ 8. N1d2 Nf6 9. a3 Qa4 10. f4 d5 11. e5 dxc4 12. exf6 cxb3 13. Bc4 Na5 14. Rc1 Nxc4 15. Rxc4 Qb5 16. Qc1 Bd7 17. Qc3 g6 18. Ne4 Bc6 19. Bc5 0-0-0 20. a4 1-0

[Event "Bad Koenigshofen op"]
[Site "Bad Koenigshofen"]
[Date "2006.??.??"]
[Round "5"]
[White "Patzer, Joachim"]
[Black "Bauer, Andreas"]
[Result "1/2-1/2"]
[WhiteElo "1985"]
[BlackElo "2215"]
[PlyCount "128"]
[EventDate "2006.08.04"]
[EventType "swiss"]
[EventRounds "9"]
[EventCountry "GER"]
[SourceTitle "EXT 2008"]
[Source "ChessBase"]
[SourceDate "2007.11.25"]
[SourceVersion "1"]
[SourceVersionDate "2007.11.25"]
[SourceQuality "1"]

1. d4 Nf6 2. c4 c5 3. d5 e6 4. Nc3 exd5 5. cxd5 d6 6. e4 g6 7. Bd3 Bg7 8. Nge2 0-0 9. 0-0 Na6 10. h3 Nc7 11. Bf4 b5 12. Bxb5 Nxb5 13. Nxb5 Nxe4 14. Qc2 a6 15. Nbc3 Nxc3 16. Nxc3 Bb7 17. Rad1 Re8 18. Rfe1 Qd7 19. Ne4 Qf5 20. Bxd6 Bxd5 21. f3 Bd4+ 22. Kh1 Rac8 23. Bh2 Rc6 24. Nf6+ Qxf6 25. Rxe8+ Kg7 26. Qe2 Be6 27. b3 Kh6 28. Qd2+ Kg7 29. Bf4 h5 30. Bh6+ Kh7 31. Bf8 g5 32. Be7 Qf4 33. Bxg5 Qg3 34. Qf4 Qxf4 35. Bxf4 Kg7 36. Rd8 Rb6 37. Bg3 Kf6 38. Rd6 Rxd6 39. Bxd6 a5 40. Rc1 a4 41. bxa4 c4 42. Bf4 c3 43. a3 Bb3 44. a5 c2 45. Re1 Bc3 46. Rg1 Bxa5 47. Bc1 Ke5 48. g3 Bd5 49. Kg2 Kd4 50. Rf1 Kd3 51. Rf2 Be1 52. Kf1 Bxf2 53. Kxf2 f5 54. h4 Be6 55. a4 Bc8 56. a5 Kc4 57. Ke3 Kb5 58. Bd2 c1Q 59. Bxc1 Kxa5 60. Kd4 Bb7 61. g4 fxg4 62. fxg4 hxg4 63. h5 Bc8 64. Ke5 Ba6 1/2-1/2

[Event "Bad Bevensen op"]
[Site "Bad Bevensen"]
[Date "2005.07.01"]
[Round "7"]
[White "Patzer, Joachim"]
[Black "Lehmensick, Jochen"]
[Result "1/2-1/2"]
[WhiteElo "2014"]
[BlackElo "2188"]
[PlyCount "82"]
[EventDate "2005.06.25"]
[EventType "swiss"]
[EventRounds "9"]
[EventCountry "GER"]
[SourceTitle "EXT 2007"]
[Source "ChessBase"]
[SourceDate "2006.11.23"]
[SourceVersion "1"]
[SourceVersionDate "2006.11.23"]
[SourceQuality "1"]

1. d4 Nf6 2. c4 g6 3. Nc3 d5 4. Nf3 Bg7 5. Bg5 Ne4 6. Bf4 Nxc3 7. bxc3 0-0 8. cxd5 Qxd5 9. Qb3 c6 10. Qxd5 cxd5 11. e3 Bf5 12. Kd2 Nd7 13. c4 Rfc8 14. Rc1 dxc4 15. Bxc4 Nb6 16. Bb3 Bf8 17. Rc7 Rxc7 18. Bxc7 e6 19. Bxb6 Bb4+ 20. Ke2 axb6 21. Rc1 Re8 22. Rc7 Re7 23. Rxe7 Bxe7 24. Nd2 Bb4 25. f3 g5 26. e4 Bg6 27. d5 exd5 28. Bxd5 Kf8 29. Bxb7 Ke7 30. Nc4 Bc5 31. Bc6 f5 32. exf5 Bxf5 33. Be4 Be6 34. Kd3 b5 35. Nd2 h5 36. Nb3 Bxb3 37. axb3 Bd6 38. Bc6 b4 39. h3 Kf6 40. Ke4 Bg3 41. Be8 h4 1/2-1/2

[Event "GER North-ch Seniors 7th"]
[Site "Bad Bevensen"]
[Date "2004.06.20"]
[Round "2"]
[White "Patzer, Joachim"]
[Black "Davydov, Mihail"]
[Result "0-1"]
[WhiteElo "2020"]
[BlackElo "1978"]
[PlyCount "85"]
[EventDate "2004.06.19"]
[EventType "swiss"]
[EventRounds "9"]
[EventCountry "GER"]
[SourceTitle "EXT 2006"]
[Source "ChessBase"]
[SourceDate "2005.11.24"]
[SourceVersion "1"]
[SourceVersionDate "2005.11.24"]
[SourceQuality "1"]

1. d4 Nf6 2. c4 g6 3. Nc3 d5 4. Nf3 Bg7 5. e3 0-0 6. Bd3 c5 7. 0-0 Nc6 8. cxd5 Nxd5 9. Nxd5 Qxd5 10. e4 Qd6 11. dxc5 Qxc5 12. Be3 Qa5 13. Bd2 Qb6 14. Rb1 Be6 15. a3 Rfd8 16. Qe2 Qb3 17. Bb5 Rac8 18. Rfc1 Nd4 19. Nxd4 Bxd4 20. Rxc8 Rxc8 21. Qd3 Qxd3 22. Bxd3 Rd8 23. Bb4 Kf8 24. Be2 Bb3 25. Bc3 Bc2 26. Rc1 Bxe4 27. Bxd4 Rxd4 28. Rc4 Rxc4 29. Bxc4 e6 30. f3 Bd5 31. Bd3 Ke7 32. Kf2 Kd6 33. f4 Kc5 34. Bc2 b5 35. Ke2 a5 36. Kd2 f6 37. Bd1 e5 38. fxe5 fxe5 39. g3 Kd4 40. Be2 Bc4 41. Bf3 e4 42. Bg2 e3+ 43. Ke1 0-1

[Event "Wuerttemberg-ch Seniors 16th"]
[Site "Freudenstadt"]
[Date "2004.05.08"]
[Round "7"]
[White "Patzer, Joachim"]
[Black "Nadenau, Oskar"]
[Result "0-1"]
[WhiteElo "2020"]
[BlackElo "2034"]
[PlyCount "94"]
[EventDate "2004.05.02"]
[EventType "swiss"]
[EventRounds "9"]
[EventCountry "GER"]
[SourceTitle "EXT 2006"]
[Source "ChessBase"]
[SourceDate "2005.11.24"]
[SourceVersion "1"]
[SourceVersionDate "2005.11.24"]
[SourceQuality "1"]

1. d4 Nf6 2. c4 d5 3. Nc3 c6 4. b3 e6 5. e3 Bb4 6. Bd2 0-0 7. Bd3 a5 8. a3 Be7 9. Nf3 Nbd7 10. 0-0 Qc7 11. Qc2 Qb8 12. e4 dxe4 13. Nxe4 Nxe4 14. Bxe4 Nf6 15. Bg5 h6 16. Bh4 Qc7 17. Bg3 Qd8 18. Rfd1 Nxe4 19. Qxe4 Bf6 20. Be5 Qe7 21. Bxf6 Qxf6 22. Ne5 Qe7 23. Rd3 Re8 24. c5 Qd8 25. Rad1 Qc7 26. Rf3 Rf8 27. Rdd3 Bd7 28. Nc4 e5 29. dxe5 Be6 30. Nb6 Rae8 31. Rfe3 Rd8 32. f4 Rxd3 33. Rxd3 Qe7 34. Qe3 Bf5 35. Rd6 Re8 36. Qd2 Qh4 37. g3 Qg4 38. Rd8 Rxd8 39. Qxd8+ Kh7 40. Qd2 Qf3 41. Nc4 Qxb3 42. Nd6 Bh3 43. Kf2 Be6 44. Qxa5 Bd5 45. Qd2 Qf3+ 46. Kg1 Qh1+ 47. Kf2 Qxh2+ 0-1

[Event "Wuerttemberg-ch Seniors 16th"]
[Site "Freudenstadt"]
[Date "2004.05.07"]
[Round "6"]
[White "Reimann, Guenther"]
[Black "Patzer, Joachim"]
[Result "1-0"]
[WhiteElo "2057"]
[BlackElo "2020"]
[PlyCount "83"]
[EventDate "2004.05.02"]
[EventType "swiss"]
[EventRounds "9"]
[EventCountry "GER"]
[SourceTitle "EXT 2006"]
[Source "ChessBase"]
[SourceDate "2005.11.24"]
[SourceVersion "1"]
[SourceVersionDate "2005.11.24"]
[SourceQuality "1"]

1. c4 Nf6 2. Nf3 g6 3. g3 Bg7 4. Bg2 d6 5. d3 e5 6. Nbd2 Nbd7 7. 0-0 0-0 8. Rb1 Rb8 9. b3 Nh5 10. Bb2 f5 11. a3 b6 12. b4 Bb7 13. e4 f4 14. Bh3 h6 15. Nh4 fxg3 16. hxg3 Nf4 17. Bxd7 Qxd7 18. gxf4 Rxf4 19. Ng2 Rbf8 20. f3 Qh3 21. Rf2 R4f7 22. Ne3 h5 23. Qf1 Qg3+ 24. Rg2 Qf4 25. Qe2 Bh6 26. Re1 Bc8 27. Rxg6+ Rg7 28. Rxg7+ Kxg7 29. Bc1 Kh7 30. Ng2 Rg8 31. Nf1 Qh4 32. Bxh6 Kxh6 33. Nfe3 Kh7 34. Nf5 Bxf5 35. exf5 Qh3 36. f6 Rg3 37. Rf1 h4 38. f4 Kg6 39. Qe4+ Kf7 40. Qh7+ Kxf6 41. fxe5+ Ke6 42. Qf7+ 1-0

[Event "Bayern-chI Bank Hofmann 7th"]
[Site "Bad Wiessee"]
[Date "2003.11.08"]
[Round "1"]
[White "Patzer, Joachim"]
[Black "Doettling, Fabian"]
[Result "0-1"]
[WhiteElo "2049"]
[BlackElo "2519"]
[PlyCount "64"]
[EventDate "2003.11.08"]
[EventType "swiss"]
[EventRounds "9"]
[EventCountry "GER"]
[SourceTitle "EXT 2004"]
[Source "ChessBase"]
[SourceDate "2003.11.25"]
[SourceVersion "1"]
[SourceVersionDate "2003.11.25"]
[SourceQuality "1"]

1. d4 d5 2. c4 e6 3. Nf3 Nf6 4. Bg5 Be7 5. Nc3 0-0 6. e3 Nbd7 7. Bd3 dxc4 8. Bxc4 a6 9. 0-0 b5 10. Bd3 Bb7 11. a3 c5 12. dxc5 Nxc5 13. Be2 h6 14. Bh4 Rc8 15. Rc1 Qxd1 16. Rcxd1 g5 17. Bg3 Nd5 18. Nxd5 Bxd5 19. b4 Na4 20. Rc1 Nc3 21. Nd4 Bf6 22. Bd3 Rfd8 23. Rc2 e5 24. Nf5 e4 25. Be2 Nxe2+ 26. Rxe2 Bc4 27. Ree1 Bxf1 28. Kxf1 Rc3 29. Nxh6+ Kf8 30. Ng4 Bg7 31. a4 bxa4 32. Ra1 Rcd3 0-1

[Event "Bayern-ch Seniors 13th"]
[Site "Schloss Schney"]
[Date "2001.??.??"]
[Round "9"]
[White "Mueller, Helmut1111"]
[Black "Patzer, Joachim"]
[Result "1-0"]
[WhiteElo "1898"]
[BlackElo "1815"]
[PlyCount "145"]
[EventDate "2001.06.??"]
[EventType "swiss"]
[EventRounds "9"]
[EventCountry "GER"]
[SourceTitle "EXT 2006"]
[Source "ChessBase"]
[SourceDate "2005.11.24"]
[SourceVersion "1"]
[SourceVersionDate "2005.11.24"]
[SourceQuality "1"]

1. d4 Nf6 2. c4 g6 3. Nc3 Bg7 4. e4 d6 5. Bg5 Nbd7 6. Bd3 e5 7. d5 Nc5 8. Bc2 a5 9. Nf3 h6 10. Be3 Ncd7 11. h3 b6 12. Ba4 0-0 13. Qd2 Kh7 14. Bc6 Rb8 15. 0-0 Ng8 16. Ne1 f5 17. f3 f4 18. Bf2 Ndf6 19. Kh2 Nh5 20. g4 fxg3+ 21. Bxg3 Nxg3 22. Kxg3 Nf6 23. Ng2 Nh5+ 24. Kh2 Nf4 25. Nxf4 Rxf4 26. Ne2 Bxh3 27. Kxh3 Qh4+ 28. Kg2 Qg5+ 29. Ng3 h5 30. Qf2 Rbf8 31. Rh1 Bh6 32. Raf1 h4 33. Qe1 Kg7 34. Bd7 hxg3 35. Qxg3 Qxg3+ 36. Kxg3 R4f7 37. Be6 Bf4+ 38. Kg4 Rf6 39. Bd7 Be3 40. Re1 Rf4+ 41. Kg3 Rxf3+ 42. Kg2 Rf2+ 43. Kg3 R8f4 44. Rxe3 Rxb2 45. a4 Rff2 46. Rg1 Rbc2 47. Bb5 Rf4 48. Rg2 Rc1 49. Rf2 g5 50. Ree2 Rc3+ 51. Kh2 Rh4+ 52. Kg2 Rg4+ 53. Kf1 Rc1+ 54. Re1 Rg1+ 55. Kxg1 Rxe1+ 56. Kg2 Rxe4 57. Kg3 Rd4 58. Rf5 Kg6 59. Rf8 Rd3+ 60. Kf2 g4 61. Bd7 Rc3 62. Rg8+ Kf7 63. Rxg4 Kf6 64. Bb5 Kf5 65. Rg7 e4 66. Rxc7 Rc2+ 67. Ke3 Rc3+ 68. Kd2 Rd3+ 69. Ke2 Ke5 70. c5 Ra3 71. cxb6 Ra2+ 72. Kd1 e3 73. b7 1-0

[Event "Wuerttemberg-ch Seniors 13th"]
[Site "Ellwangen"]
[Date "2001.??.??"]
[Round "1"]
[White "Weber, Helmut1111"]
[Black "Patzer, Joachim"]
[Result "1/2-1/2"]
[WhiteElo "1821"]
[BlackElo "1837"]
[PlyCount "77"]
[EventDate "2001.04.??"]
[EventType "swiss"]
[EventRounds "9"]
[EventCountry "GER"]
[SourceTitle "EXT 2006"]
[Source "ChessBase"]
[SourceDate "2005.11.24"]
[SourceVersion "1"]
[SourceVersionDate "2005.11.24"]
[SourceQuality "1"]

1. e4 c5 2. d4 cxd4 3. c3 dxc3 4. Nxc3 d6 5. Bc4 Nc6 6. Nf3 e6 7. Bf4 Be7 8. 0-0 Nf6 9. Re1 0-0 10. a3 a6 11. Qd2 h6 12. Rad1 e5 13. Bxh6 gxh6 14. Qxh6 Nh7 15. Qg6+ Kh8 16. Bxf7 Bd7 17. Nd5 Be8 18. Bxe8 Qxe8 19. Nxe7 Qxe7 20. Qxd6 Qxd6 21. Rxd6 Rad8 22. Rg6 Rf6 23. Rxf6 Nxf6 24. h3 Kg7 25. g4 Kg6 26. Kg2 Rd3 27. Re2 Rxf3 28. Kxf3 Nd4+ 29. Ke3 Nxe2 30. Kxe2 Nxe4 31. Ke3 Nd6 32. b3 Kg5 33. f3 Kh4 34. f4 exf4+ 35. Kxf4 Nf7 36. Kf5 Ng5 37. b4 Nxh3 38. Ke6 Kxg4 39. a4 1/2-1/2